| 000 | 00629cam a2200241 4500 | ||
|---|---|---|---|
| 001 | J2485 | ||
| 008 | 090401t xxu||||| |||| 00| 0 eng d | ||
| 035 | _a(Sirsi) u49304 | ||
| 041 | _aeng | ||
| 050 | _a338.4369 | ||
| 110 |
_aBuilding Advisory Service _91364 |
||
| 245 | _aConstruction key facts. - 1975-1977 | ||
| 260 |
_aLondon _bBuilding Advisory Service _c1975-77 |
||
| 300 | _a8 pt. in one volume ; 30cm. | ||
| 350 | _a0 | ||
| 650 | _aBUILDING INDUSTRY | ||
| 650 | _aCONSTRUCTION KEY FACTS | ||
| 650 | _aHOUSE BUILDING | ||
| 650 | _aSTATISTICS | ||
| 690 | _aBUILT ENVIRONMENT | ||
| 942 | _n0 | ||
| 948 | _c04/03/1997 | ||
| 999 |
_c92547 _d92547 |
||